| 000 | 00817nam a22002057a 4500 | ||
|---|---|---|---|
| 999 |
_c18612 _d18612 |
||
| 003 | AR-CdUCM | ||
| 008 | 190514b ||||| |||| 00| 0 spa d | ||
| 020 | _a84-8390-984-7 | ||
| 040 |
_aMUNICIPALIDAD PROVINCIAL DEL CUSCO _cBIBLIOTECA MUNICIPAL DEL CUSCO |
||
| 082 |
_a346 / _bL2 |
||
| 100 |
_aLeón Pastor, Ricardo. _939309 |
||
| 245 | _aEl código civil de 1984 / | ||
| 260 |
_aPerú : _bFondo editorial de la pontifica universidad católica, _c1997 |
||
| 300 |
_a588 páginas ; _c21 cm. |
||
| 505 | _aContenido : Derecho de las personas -- Personas naturales -- Personas jurídicas -- Asociación, fundación y comité no inscritos -- Acto jurídico -- Derecho de familia ... | ||
| 650 |
_aDerecho procesal. _98073 |
||
| 650 |
_aCiencias políticas. _927202 |
||
| 942 |
_2ddc _cLIBROS |
||
| 945 |
_arum _d2019-05-14 |
||